00275 a2200121 4500001000700000020000600007040001100013100002700024240004500051245004000096300000800136362000900144182866 a  cMagnum aVieira, Thereza Freire10aAnderson fabiano: o poeta das coreslpor10aAnderson fabiano: o poeta das cores a1500 a1995